Cyclisme : les champions du monde depuis 2000 - Statistiques

Statistiques générales
  • Ce quiz a été pris 5 221 fois
    2 976 depuis la dernière actualisation
  • Le résultat moyen est 13 sur 25
Statistiques - réponses
Édition Lieu Vainqueur % Correct
2024 Zürich, Suisse Tadej Pogacar
98%
2020 Imola, Italie Julian Alaphilippe
96%
2021 Flandre, Belgique Julian Alaphilippe
96%
2023 Glasgow, Écosse Mathieu Van der Poel
93%
2015 Richmond, États-Unis Peter Sagan
89%
2016 Doha, Qatar Peter Sagan
89%
2017 Bergen, Norvège Peter Sagan
89%
2022 Wollongong, Australie Remco Evenepoel
83%
2018 Innsbrück, Autriche Alejandro Valverde
75%
2019 Harrogate, Royaume-Uni Mads Pedersen
73%
2011 Copenhague, Danemark Mark Cavendish
58%
2012 Valkenburg, Pays-Bas Philippe Gilbert
56%
2013 Florence, Italie Rui Costa
42%
2005 Madrid, Espagne Tom Boonen
42%
2009 Mendrisio, Suisse Cadel Evans
40%
2014 Ponferrada, Espagne Michał Kwiatkowski
39%
2001 Lisbonne, Portugal Óscar Freire
21%
2004 Vérone, Italie Óscar Freire
21%
2010 Geelong, Australie Thor Hushovd
21%
2006 Salzbourg, Autriche Paolo Bettini
19%
2007 Stuttgart, Allemagne Paolo Bettini
19%
2002 Zolder, Belgique Mario Cipollini
13%
2008 Varèse, Italie Alessandro Ballan
12%
2003 Hamilton, Canada Igor Astarloa
5%
2000 Plouay, France Romāns Vainšteins
5%
Aucun quiz correspondant
Distribution des résultats
% des personnes avec chaque résultat
Percentile par nombre de réponses
Votre historique - résultats
Vous n’avez pas pris ce quiz depuis la dernière actualisation